Every counrty/organization that went to war with Israel - Statistics

General Stats
  • This quiz has been taken 111 times
  • The average score is 14 of 18
Answer Stats
Hint Answer % Correct
fought Major war Lebanon
94%
fought Major war Egypt
93%
fought Major war Syria
92%
fought Major war Jordan
91%
Sent troops to help in a war against Israel Iraq
90%
Sent troops to help in a war against Israel Saudi Arabia
90%
A big country who had a clash with Israel Russia/USSR
89%
Sent troops to help in a war against Israel Yemen
86%
Sent troops to help in a war against Israel Morocco
77%
last war fought was in 2014 Hamas
76%
Sent troops to help in a war against Israel Algeria
75%
Sent troops to help in a war against Israel Sudan
75%
Sent troops to help in a war against Israel Tunisia
74%
Iran's proxy group Hezbollah
69%
Civil fight as part of an upraising Palestine
69%
sent some troops and military aid Pakistan
68%
Sent troops to help in a war against Israel Cuba
53%
sent some troops and military aid North Korea
52%
No matching quizzes found
Score Distribution
Percent of People with Each Score
Percentile by Number Answered
Your Score History
You have not taken this quiz